<?xml version="1.0" encoding="UTF-8"?>
<record
    xmlns:xsi="http://www.w3.org/2001/XMLSchema-instance"
    xsi:schemaLocation="http://www.loc.gov/MARC21/slim http://www.loc.gov/standards/marcxml/schema/MARC21slim.xsd"
    xmlns="http://www.loc.gov/MARC21/slim">

  <leader>03867njm a2200505Ia 4500</leader>
  <controlfield tag="001">84839</controlfield>
  <controlfield tag="003">IT-RoPAU</controlfield>
  <controlfield tag="005">20220918181123.0</controlfield>
  <controlfield tag="008">131025s9999    xx            000 0 und d</controlfield>
  <datafield tag="040" ind1=" " ind2=" ">
    <subfield code="a">IT-RoPAU</subfield>
  </datafield>
  <datafield tag="040" ind1=" " ind2=" ">
    <subfield code="c">IT-RoPAU</subfield>
  </datafield>
  <datafield tag="999" ind1=" " ind2=" ">
    <subfield code="c">99977</subfield>
    <subfield code="d">99977</subfield>
  </datafield>
  <datafield tag="999" ind1=" " ind2=" ">
    <subfield code="b">n.d.</subfield>
  </datafield>
  <datafield tag="100" ind1=" " ind2=" ">
    <subfield code="a">AA.VV.</subfield>
    <subfield code="9">794</subfield>
  </datafield>
  <datafield tag="100" ind1=" " ind2=" ">
    <subfield code="e">Autore musica</subfield>
    <subfield code="9">26433</subfield>
  </datafield>
  <datafield tag="100" ind1=" " ind2=" ">
    <subfield code="g">Codice autore musica SPICS: 12000</subfield>
    <subfield code="9">796</subfield>
  </datafield>
  <datafield tag="245" ind1=" " ind2=" ">
    <subfield code="a">Gioielli di Count Basie (I)</subfield>
  </datafield>
  <datafield tag="250" ind1=" " ind2=" ">
    <subfield code="a">2a ed.</subfield>
  </datafield>
  <datafield tag="260" ind1=" " ind2=" ">
    <subfield code="a">MILANO</subfield>
  </datafield>
  <datafield tag="260" ind1=" " ind2=" ">
    <subfield code="b">RUSCONI</subfield>
    <subfield code="c">1990 [1a Ed.:0]</subfield>
  </datafield>
  <datafield tag="300" ind1=" " ind2=" ">
    <subfield code="a">DISCO</subfield>
  </datafield>
  <datafield tag="300" ind1=" " ind2=" ">
    <subfield code="c">46 minuti (Testo: 0 pag.)</subfield>
  </datafield>
  <datafield tag="500" ind1=" " ind2=" ">
    <subfield code="a">Musica jazz. Disco fuori commercio allegato al n. 1 1990 della rivista "Musica jazz"</subfield>
  </datafield>
  <datafield tag="505" ind1=" " ind2=" ">
    <subfield code="a">Mortgage Stomp [(New York, 3 giugno 1938) (4:00)] - Dickie's Dream (3:00) - Lester Leaps In [(New York, 5 settembre 1939) (4:00)] - Rockin' Chair (2:00) - There'll Be Some Changes Made [(New York, 27 gennaio 1941) (2:00)] - Sugar Blues [(Los Angeles, 24 luglio 1942) (3:00)] - Six Cats and A Prince [(New York, 22 marzo 1944) (6:00)] - Oh, Lady Be Good (4:00) - The King Jamming On A V Disc [(New York, 5 aprile 1947) (5:00)] - Move (4:00) - Basie Boogie (3:00) - The Golden Bullet [(New York, 20 aprile 1951) (4:00)] - One O'Clock Jump [(New York, 2 novembre 1950) (3:00)]</subfield>
  </datafield>
  <datafield tag="511" ind1=" " ind2=" ">
    <subfield code="a">Clayton Buck: tr; Young Lester: ten; Basie Count: p; Page Walter: cb; Jones Jo: batt; Count Basie Quintet</subfield>
  </datafield>
  <datafield tag="511" ind1=" " ind2=" ">
    <subfield code="a">Clayton Buck: tr; Wells Dicky: trne; Young Lester: ten; Basie Count: p; Gree Freddie: chit; Page Walter: cb; Jones Jo: batt; Count Basie's Kansas City Seven</subfield>
  </datafield>
  <datafield tag="511" ind1=" " ind2=" ">
    <subfield code="a">Basie Count: p; Green Freddie: chit; Page Walter: cb; Jones Jo: batt: Count Basie and His All American Rhythm</subfield>
  </datafield>
  <datafield tag="511" ind1=" " ind2=" ">
    <subfield code="a">Clayton Buck: tr; Byas Don; ten; Basie Count: p; Green Freddie: chit; Page Walter: cb; Jones Jo: batt; Count Basie and His All American Rhythm Section</subfield>
  </datafield>
  <datafield tag="511" ind1=" " ind2=" ">
    <subfield code="a">Clayton Buck: tr; Wells Dicky: trne; Young Lester: ten; Basie Count: p; Green Freddie: chit; Richardson Rodney: cb; Jones Jo: batt; Kansas City Seven</subfield>
  </datafield>
  <datafield tag="511" ind1=" " ind2=" ">
    <subfield code="a">Eldridge Roy: tr; Jacquet Illinois: ten; Krauss Phil: vib; Basie Count: p; Caiola Al o Green Freddie: chit; Callender Red: cb; Rich Buddy: batt; New York Stars</subfield>
  </datafield>
  <datafield tag="511" ind1=" " ind2=" ">
    <subfield code="a">Terry Clark: tr; Royal Marshall: cl; Gray Wardell: ten; Basie Count: p; Green Freddie: chit; Lewis Jimmy: cb; Johnson Gus: batt; Count Basie and His Orchestra</subfield>
  </datafield>
  <datafield tag="511" ind1=" " ind2=" ">
    <subfield code="a">Terry Clark: tr; De Franco Buddy: cl; Gray Wardell: ten; Rutherford Rudy: bar; Basie Count: p; Green Freddie: chit; Lewis Jimmy: cb; Johnson Gus: batt; Count Basie Octet</subfield>
  </datafield>
  <datafield tag="650" ind1=" " ind2=" ">
    <subfield code="a">JAZZ [DISCHI]</subfield>
    <subfield code="e">Codice MATERIA SPICS: 9950</subfield>
    <subfield code="9">26434</subfield>
  </datafield>
  <datafield tag="700" ind1=" " ind2=" ">
    <subfield code="a">Basie Count</subfield>
    <subfield code="g">Codice interprete SPICS: 10545</subfield>
    <subfield code="e">Interprete</subfield>
    <subfield code="9">26435</subfield>
  </datafield>
  <datafield tag="700" ind1=" " ind2=" ">
    <subfield code="a">Basie Count</subfield>
    <subfield code="g">Codice autore musica SPICS: 10545</subfield>
    <subfield code="e">Autore musica</subfield>
    <subfield code="p">Mortgage Stomp - Dickie's Dream - Lester Leaps In - The King Jamming On A V Disc - Basie Boogie - The Golden Bullet - One O'Clock Jump</subfield>
    <subfield code="9">26436</subfield>
  </datafield>
  <datafield tag="700" ind1=" " ind2=" ">
    <subfield code="a">Young Lester</subfield>
    <subfield code="g">Codice autore musica SPICS: 13036</subfield>
    <subfield code="e">Autore musica</subfield>
    <subfield code="p">Dickie's Dream - Lester Leaps In</subfield>
    <subfield code="9">26437</subfield>
  </datafield>
  <datafield tag="700" ind1=" " ind2=" ">
    <subfield code="a">Carmichael Hoagy</subfield>
    <subfield code="g">Codice autore musica SPICS: 10736</subfield>
    <subfield code="e">Autore musica</subfield>
    <subfield code="p">Rockin' Chair</subfield>
    <subfield code="9">26438</subfield>
  </datafield>
  <datafield tag="700" ind1=" " ind2=" ">
    <subfield code="a">Higgins</subfield>
    <subfield code="g">Codice autore musica SPICS: 29869</subfield>
    <subfield code="e">Autore musica</subfield>
    <subfield code="p">There'll Be Some Changes Made</subfield>
    <subfield code="9">26439</subfield>
  </datafield>
  <datafield tag="700" ind1=" " ind2=" ">
    <subfield code="a">Overstreet</subfield>
    <subfield code="g">Codice autore SPICS: 20154</subfield>
    <subfield code="e">Autore</subfield>
    <subfield code="p">There'll Be Some Changes Made</subfield>
    <subfield code="9">26440</subfield>
  </datafield>
  <datafield tag="700" ind1=" " ind2=" ">
    <subfield code="a">Williams Clarence</subfield>
    <subfield code="g">Codice autore musica SPICS: 13039</subfield>
    <subfield code="e">Autore musica</subfield>
    <subfield code="p">Sugar Blues</subfield>
    <subfield code="9">26441</subfield>
  </datafield>
  <datafield tag="700" ind1=" " ind2=" ">
    <subfield code="a">Fletcher Guy</subfield>
    <subfield code="g">Codice autore SPICS: 18932</subfield>
    <subfield code="e">Autore</subfield>
    <subfield code="p">Sugar Blues</subfield>
    <subfield code="9">26442</subfield>
  </datafield>
  <datafield tag="700" ind1=" " ind2=" ">
    <subfield code="a">Clayton Buck</subfield>
    <subfield code="g">Codice autore musica SPICS: 29870</subfield>
    <subfield code="e">Autore musica</subfield>
    <subfield code="p">Six Cats and A Prince</subfield>
    <subfield code="9">26443</subfield>
  </datafield>
  <datafield tag="700" ind1=" " ind2=" ">
    <subfield code="a">Gershwin George</subfield>
    <subfield code="g">Codice autore musica SPICS: 10668</subfield>
    <subfield code="e">Autore musica</subfield>
    <subfield code="p">Oh, Lady Be Good</subfield>
    <subfield code="9">26444</subfield>
  </datafield>
  <datafield tag="700" ind1=" " ind2=" ">
    <subfield code="a">Best Denzil</subfield>
    <subfield code="g">Codice autore musica SPICS: 24586</subfield>
    <subfield code="e">Autore musica</subfield>
    <subfield code="p">Move</subfield>
    <subfield code="9">26445</subfield>
  </datafield>
  <datafield tag="942" ind1=" " ind2=" ">
    <subfield code="c">MD</subfield>
    <subfield code="2">ddc</subfield>
  </datafield>
  <datafield tag="952" ind1=" " ind2=" ">
    <subfield code="0">0</subfield>
    <subfield code="1">0</subfield>
    <subfield code="4">0</subfield>
    <subfield code="6">84839_000000000000000</subfield>
    <subfield code="7">1</subfield>
    <subfield code="a">SPICS</subfield>
    <subfield code="b">SPICS</subfield>
    <subfield code="d">2013-10-25</subfield>
    <subfield code="l">0</subfield>
    <subfield code="o">84839</subfield>
    <subfield code="r">2013-10-25 00:00:00</subfield>
    <subfield code="w">2013-10-25</subfield>
    <subfield code="y">MD</subfield>
    <subfield code="z">Progr. Ins.: 21149 / N.Vol.: 1 / Copie: 1 - Copia rara: n.d. / date import: 01.01.2014 - By Epidotti, Trombetti, Vaglietti</subfield>
  </datafield>
</record>
